Nhà có hai người

Câu chuyện của cặp vợ chồng trẻ trong căn nhà nhỏ chỉ có hai người. Quyết định yêu và cưới nhau chỉ trong 10 ngày nhưng sau đó là cả 3 năm hạnh phúc. Cuộc sống có nhiều lúc trầm bổng nhưng quan trọng là yêu người xứng đáng và lấy người...

Full description

Saved in:
Bibliographic Details
Main Author: Lê, Ngọc
Other Authors: BrainHuy
Format: Book
Language:Undetermined
Published: H. Phụ nữ 2017
Subjects:
Online Access:http://lrc.tdmu.edu.vn/opac/search/detail.asp?aID=2&ID=32204
Tags: Add Tag
No Tags, Be the first to tag this record!
Institutions: Trung tâm Học liệu Trường Đại học Thủ Dầu Một
LEADER 01086nam a2200217Ia 4500
001 TDMU_32204
008 210410s9999 xx 000 0 und d
082 |a 361.32071 
090 |b L250 
100 |a Lê, Ngọc 
245 0 |a Nhà có hai người 
245 0 |c Lê Ngọc ; BrainHuy minh họa 
260 |a H. 
260 |b Phụ nữ 
260 |c 2017 
300 |a 162tr. 
520 |a Câu chuyện của cặp vợ chồng trẻ trong căn nhà nhỏ chỉ có hai người. Quyết định yêu và cưới nhau chỉ trong 10 ngày nhưng sau đó là cả 3 năm hạnh phúc. Cuộc sống có nhiều lúc trầm bổng nhưng quan trọng là yêu người xứng đáng và lấy người tử tế thì sẽ vượt qua mọi khó khăn. 
650 |a Văn học việt Nam  |v Tùy bút; Đời sống hôn nhân 
700 |a BrainHuy 
856 |u http://lrc.tdmu.edu.vn/opac/search/detail.asp?aID=2&ID=32204 
980 |a Trung tâm Học liệu Trường Đại học Thủ Dầu Một